Loading...
Fine Arts - Classical Music | 8 | 16.25 | 100% | 50% | 13% |
Fine Arts - Other Fine Arts | 7 | 11.43 | 71% | 29% | 14% |
Fine Arts - Painting & Sculpture | 7 | 10.00 | 71% | 29% | 0% |
History - American History | 5 | 16.00 | 100% | 40% | 20% |
History - European History | 9 | 15.56 | 100% | 33% | 22% |
History - Other History | 9 | 12.22 | 67% | 44% | 11% |
History - World History | 2 | 20.00 | 100% | 50% | 50% |
Literature - American Literature | 5 | 12.00 | 100% | 20% | 0% |
Literature - British Literature | 6 | 13.33 | 100% | 33% | 0% |
Literature - European Literature | 8 | 12.50 | 88% | 38% | 0% |
Literature - World Literature | 6 | 15.00 | 83% | 67% | 0% |
Mythology | 8 | 20.00 | 100% | 63% | 38% |
Other | 7 | 17.14 | 100% | 71% | 0% |
Philosophy | 5 | 10.00 | 80% | 20% | 0% |
Religion | 6 | 15.00 | 100% | 50% | 0% |
Science - Biology | 8 | 12.50 | 88% | 38% | 0% |
Science - Chemistry | 6 | 13.33 | 100% | 17% | 17% |
Science - Other Science | 3 | 10.00 | 100% | 0% | 0% |
Science - Physics | 7 | 5.71 | 57% | 0% | 0% |
Social Science | 6 | 13.33 | 83% | 33% | 17% |